|
|
|
|
| LEADER |
01273nam a2200325 a 4500 |
| 001 |
000167160 |
| 003 |
CZ BrMZK |
| 005 |
20210414090055.0 |
| 007 |
ta |
| 008 |
960815s1997 xr g j cze d |
| 015 |
|
|
|a cnb000203264
|
| 020 |
|
|
|a 80-204-0631-X
|
| 035 |
|
|
|a (OCoLC)37673252
|
| 040 |
|
|
|a BOA001
|b cze
|
| 072 |
|
7 |
|a 821.133.1-3
|x Francouzská próza, francouzsky psaná
|2 Konspekt
|9 25
|
| 080 |
|
|
|a 821.133.1-32
|2 MRF
|
| 080 |
|
|
|a (0:82-32)
|2 MRF
|
| 100 |
1 |
|
|a Lainé, Pascal,
|d 1942-2024
|7 xx0012502
|4 aut
|
| 245 |
1 |
0 |
|a Krajkářka /
|c Pascal Lainé ; [z francouzštiny přeložila a doslov napsala Vlasta Dufková]
|
| 250 |
|
|
|a Vyd. 1.
|
| 260 |
|
|
|a Praha :
|b Mladá fronta,
|c 1997
|
| 300 |
|
|
|a 119 s. ;
|c 19 cm
|
| 655 |
|
7 |
|a francouzské příběhy
|7 fd184214
|2 czenas
|
| 765 |
0 |
|
|t <<La >>dentelliere
|
| 700 |
1 |
|
|a Dufková, Vlasta,
|d 1951-
|7 jk01072789
|4 trl
|4 wfw
|
| 856 |
4 |
1 |
|u http://www.digitalniknihovna.cz/mzk/uuid/uuid:4e8273f0-a474-11e2-9a9f-005056827e51
|y Digitalizovaný dokument
|x NDK
|
| 910 |
|
|
|a BOA001
|b 1-1031.961
|
| 990 |
|
|
|a BK
|
| 996 |
7 |
|
|b 2610050782
|c 1-1031.961
|l MZK
|r Sklad / do 1 hodiny
|n 5
|p p.v.
|w 000167160
|u 000010
|a 1
|e BOA001
|j MZK50
|s A
|
| 996 |
6 |
|
|b 2610099405
|c 1-1031.961
|l MZK
|r Sklad / do 1 hodiny
|n 0
|p p.v.
|w 000167160
|u 000020
|a 1
|e BOA001
|j MZK50
|s P
|